Największe overall zawodników w NBA 2k25 - Statystyki

Ogólne statystyki
  • Ten quiz został rozwiązany 37 razy
  • Średni wynik to 19 z 28
Statystyki odpowiedzi
OVR Zawodnik % Poprawnych
96 LeBron James
100%
96 Luka Doncic
93%
98 Nikola Jokic
93%
95 Stephen Curry
93%
98 Shai Gilgeous-Alexander
90%
93 Kevin Durant
87%
98 Giannis Antetokounmpo
80%
95 Jayson Tatum
80%
95 Anthony Davis
77%
90 James Harden
77%
93 Joel Embiid
77%
94 Anthony Edwards
73%
94 Victor Wembanyama
73%
90 Devin Booker
70%
93 Jalen Brunson
70%
91 Jalyen Brown
70%
92 Ja Morant
70%
90 Tyrese Haliburton
70%
91 Damian Lillard
67%
93 Karl-Anthony Towns
67%
92 Kyrie Irving
67%
92 Cade Cunningham
53%
91 Kawhi Leonard
53%
94 Donovan Mitchell
50%
90 Paolo Banchero
50%
91 Trae Young
40%
92 Evan Mobley
27%
90 Jaren Jackson Jr.
13%
Nie znaleziono quizów pasujących do podanych kryteriów
Rozkład punktacji
Procent ludzi z każdym wynikiem
Percentyl według liczby udzielonych odpowiedzi
Twoja historia wyników
Nie rozwiązałeś tego quizu